Click a Tina Quiz Stats

 Plays Quiz not verified by Sporcle

Challenge
Share
Tweet
Embed
Score 0/16 Timer 05:00
0 Plays Today
% Correct
Tina Turner
93.9%
Martina Navratilova
92.5%
Christina Aguilera
91.2%
Tina Fey
90.9%
Bobbi Kristina Brown
89.2%
Christina Applegate
88.2%
Christina Onassis
87%
Christina Ricci
86.5%
% Correct
Martina McBride
81.3%
Christina Crawford
81.1%
Tina Knowles
78.3%
Tina Louise
73.5%
Tina Yothers
70.4%
Tina Weymouth
53.2%
Tina Brown
50.4%
Christina Moore
46.2%

You're not logged in!

Compare scores with friends on all Sporcle quizzes.
Join for Free
OR
Log In

You Might Also Like...

Show Comments

Extras

Top Quizzes Today


Score Distribution

Your Account Isn't Verified!

In order to create a playlist on Sporcle, you need to verify the email address you used during registration. Go to your Sporcle Settings to finish the process.

Report this User

Report this user for behavior that violates our Community Guidelines.

Details: